<?xml version="1.0" encoding="UTF-8"?>
<record
    xmlns:xsi="http://www.w3.org/2001/XMLSchema-instance"
    xsi:schemaLocation="http://www.loc.gov/MARC21/slim http://www.loc.gov/standards/marcxml/schema/MARC21slim.xsd"
    xmlns="http://www.loc.gov/MARC21/slim">

  <leader>00991nam a2200217Ia 4500</leader>
  <controlfield tag="001">114239</controlfield>
  <controlfield tag="003">DR-UNIBE</controlfield>
  <controlfield tag="005">20260108093330.0</controlfield>
  <controlfield tag="008">25112822005    dr                  spa     spa</controlfield>
  <datafield tag="040" ind1=" " ind2=" ">
    <subfield code="c">BIBLIOTECA UNIBE</subfield>
    <subfield code="e">rda</subfield>
  </datafield>
  <datafield tag="041" ind1=" " ind2=" ">
    <subfield code="a">spa</subfield>
  </datafield>
  <datafield tag="082" ind1=" " ind2=" ">
    <subfield code="a">F-RD 6018</subfield>
  </datafield>
  <datafield tag="100" ind1=" " ind2=" ">
    <subfield code="a">Castillo Sem&#xE1;n, Pelegr&#xED;n</subfield>
    <subfield code="d">1956-</subfield>
    <subfield code="9">31767</subfield>
    <subfield code="e">autor</subfield>
  </datafield>
  <datafield tag="245" ind1="0" ind2=" ">
    <subfield code="a">Geopol&#xED;tica de la isla de Santo Domingo : </subfield>
    <subfield code="b">migraci&#xF3;n haitiana y seguridad nacional /</subfield>
    <subfield code="c">Pelegr&#xED;n Castillo</subfield>
  </datafield>
  <datafield tag="260" ind1="4" ind2=" ">
    <subfield code="a">Santo Domingo : </subfield>
    <subfield code="b">Fuerza Nacional Progresita,</subfield>
    <subfield code="c">2005                     </subfield>
  </datafield>
  <datafield tag="300" ind1="4" ind2=" ">
    <subfield code="a">26  p&#xE1;ginas</subfield>
  </datafield>
  <datafield tag="505" ind1="4" ind2=" ">
    <subfield code="a">Geopolitica de la isla de Santo Domingo : migraci&#xF3;n haitiana y seguridad nacional \ Pelegrin Castillo - Perfil de las relaciones dominico - haitianas \ Wenceslao Guerreo-Pou - Disertaci&#xF3;n 26 de Febrero \ Luis M. Campillo - La Rep. Dom. en la perspectiva haitiana \ Mois&#xE9;s Iturbides y Victor Mena -</subfield>
  </datafield>
  <datafield tag="650" ind1=" " ind2=" ">
    <subfield code="2">lemb</subfield>
    <subfield code="a">Inmigraci&#xF3;n</subfield>
  </datafield>
  <datafield tag="650" ind1=" " ind2=" ">
    <subfield code="2">lemb</subfield>
    <subfield code="a">Migraci&#xF3;n</subfield>
    <subfield code="9">44628</subfield>
  </datafield>
  <datafield tag="942" ind1=" " ind2=" ">
    <subfield code="2">ddc</subfield>
    <subfield code="c">MX</subfield>
  </datafield>
  <datafield tag="999" ind1=" " ind2=" ">
    <subfield code="c">114239</subfield>
    <subfield code="d">114239</subfield>
  </datafield>
  <datafield tag="952" ind1=" " ind2=" ">
    <subfield code="0">0</subfield>
    <subfield code="1">0</subfield>
    <subfield code="2">ddc</subfield>
    <subfield code="7">0</subfield>
    <subfield code="8">FOL-RD</subfield>
    <subfield code="a">Principal</subfield>
    <subfield code="b">Principal</subfield>
    <subfield code="d">2026-01-01</subfield>
    <subfield code="l">0</subfield>
    <subfield code="o">F-RD 6018</subfield>
    <subfield code="p">F250154</subfield>
    <subfield code="r">2026-01-08 10:19:14</subfield>
    <subfield code="t">Ej. 1</subfield>
    <subfield code="w">2026-01-08</subfield>
    <subfield code="y">MX</subfield>
  </datafield>
</record>
